| 000 | 00353nam a22001577a 4500 | ||
|---|---|---|---|
| 003 | SGT | ||
| 020 | _a978-1-25-909707-2 | ||
| 082 |
_a615.4 _bI13E |
||
| 100 | _aEWING, GALEN.W | ||
| 245 | _aINSTRUMENTAL METHODS OF CHEMICAL ANALAYSIS | ||
| 250 | _a5TH | ||
| 260 |
_aDELHI _bMC GRAW HILL _c2013 |
||
| 300 | _a538 | ||
| 650 | _aANALAYSIS | ||
| 942 |
_2ddc _cBK |
||
| 999 |
_c9638 _d9638 |
||